000 01258cam a22002897a 4500
001 15518978
003 OSt
005 20250109153143.0
008 081112s2009 sz a b 001 0 eng d
020 _a9783764389932
040 _aSDCL
_beng
_cSDCL
082 0 4 _aB313N P9
100 1 _aTucsnak, Marius.
_9730550
245 1 0 _aObservation and control for operator semigroups /
_cMarius Tucsnak, George Weiss.
260 _aBasel ;
_aBoston :
_bBirkhäuser,
_cc2009.
300 _axi, 483 p. :
490 0 _aBirkhäuser advanced texts
504 _aIncludes bibliographical references (p. 459-474) and index.
650 0 _aLinear operators.
_9730551
650 0 _aSemigroups of operators.
_9730552
650 4 _aOperatorhalbgruppe
_xUnendlichdimensionales System.
_9730553
650 7 _aOperatorhalbgruppe
_xUnendlichdimensionales System.
_2swd
_9730553
650 7 _aUnendlichdimensionales System
_xOperatorhalbgruppe.
_2swd
_9730554
856 4 1 _3Table of contents
_uhttp://bvbr.bib-bvb.de:8991/F?func=service&doc_library=BVB01&doc_number=017721512&line_number=0001&func_code=DB_RECORDS&service_type=MEDIA
856 4 2 _3Publisher description
_uhttp://www.loc.gov/catdir/enhancements/fy1109/2008941510-d.html
942 _2CC
_cTEXL
_hB313N P9
_n0
999 _c1235990
_d1235990